000 00347 a2200169 4500
001 72399
020 _a8532242936
040 _cAnchieta - Colégio São Paulo
100 _aBraz, Júlio Emílio
240 1 0 _aZumbi
_lpor
245 1 0 _aZumbi
300 _a72
362 0 _a1999
440 1 _aFTD
650 4 _aLiteratura juvenil
942 _cBK
999 _c72399
_d72399